[Event "Tourn. n7972"]
[Site "www.chess-mail.com"]
[Date "2015.01.14"]
[Round "1"]
[White "Georgepapi"]
[Black "Falcoale"]
[WhiteElo "1820"]
[BlackElo "1870"]
[Result "1-0"]
[Round "1"]
1.e4 c5
2.Ng1f3 e6
3.d4 cxd4
4.Nf3xd4 a6
5.Nb1c3 b5
6.Bc1e3 Bc8b7
7.Qd1d2 Ng8f6
8.f3 Bf8e7
9.O-O-O O-O
10.g4 Nb8c6
11.h4 Be7b4
12.a3 Bb4a5
13.Nd4b3 b4
14.Nb3xa5 Nc6xa5
15.axb4 Na5c6
16.Be3c5 Rf8e8
17.g5 Nf6h5
18.Qd2xd7 Ra8b8
19.Bf1e2 Nh5f4
20.h5 Nf4xe2
21.Nc3xe2 Nc6e5
22.Qd7xd8 Rb8xd8
23.Rh1f1 Ne5c4
24.Ne2c3 Rd8c8
25.Rf1e1 a5
26.Nc3b5 Bb7a6
27.Nb5d6 Nc4xd6
28.Bc5xd6 axb4
29.Bd6xb4 Rc8b8
30.Bb4a3 Re8c8
31.Rd1d6 Ba6b7
32.g6 hxg6
33.hxg6 Rc8e8
34.gxf7 Kxf7
35.Re1g1 Rb8d8
36.Rg1d1 Rd8xd6
37.Rd1xd6 Bb7c8
38.c4 Bc8a6
39.Rd6xa6 Re8h8
40.Kd2 Rh8h2
41.Ke3 Rh2c2
42.c5 { resign }
1-0

[Event "Tourn. n7930"]
[Site "www.chess-mail.com"]
[Date "2015.01.14"]
[Round "1"]
[White "Generalfree"]
[Black "Azulmarino"]
[WhiteElo "1680"]
[BlackElo "1550"]
[Result "1-0"]
[Round "1"]
1.e4 e5
2.Ng1f3 Nb8c6
3.Bf1c4 h6
4.d3 Bf8c5
5.a3 Qd8f6
6.c3 g5
7.b4 Bc5d6
8.Bc1b2 b6
9.Nb1d2 Bc8b7
10.Nd2b3 Ng8e7
11.Ra1b1 a6
12.d4 exd4
13.cxd4 Nc6d8
14.e5 Bd6xe5
15.dxe5 Qf6f4
16.Nb3d2 Nd8e6
17.Bb2c1 Ne6d4
18.Nf3xd4 Qf4xd4
19.Bc1b2 Qd4f4
20.g3 Qf4f5
21.f3 Qf5h3
22.e6 Qh3g2
23.Rh1f1 Ne7f5
24.exf7 Kf8
25.Bb2xh8 Nf5d6
26.Rf1f2 Qg2h3
27.Qd1c2 b5
28.Qc2g6 Qh3f5
29.Qg6g7 Ke7
30.f8Q 
1-0

[Event "Tourn. n7916"]
[Site "www.chess-mail.com"]
[Date "2015.01.14"]
[Round "1"]
[White "Olddog55"]
[Black "Hugol"]
[WhiteElo "1740"]
[BlackElo "1880"]
[Result "0-1"]
[Round "1"]
1.d4 Ng8f6
2.Ng1f3 d5
3.e3 e6
4.Bf1d3 c5
5.b3 Nb8c6
6.Bc1b2 Bf8e7
7.Nb1d2 O-O
8.Nf3e5 cxd4
9.exd4 Be7d6
10.f4 Qd8b6
11.c3 a5
12.O-O a4
13.Rf1f3 Bc8d7
14.Rf3h3 h6
15.g4 Bd6xe5
16.fxe5 Nf6h7
17.Bd3xh7 Kxh7
18.g5 Nc6e7
19.Qd1h5 Ne7f5
20.Rh3f3 axb3
21.Nd2xb3 Qb6d8
22.Bb2c1 Bd7e8
23.Nb3c5 f6
24.Qh5h3 Qd8e7
25.exf6 gxf6
26.gxh6 Rf8g8
27.Kh1 Rg8g6
28.Bc1d2 Be8c6
29.Ra1e1 Ra8g8
30.Nc5xe6 Qe7xe6
31.Bd2e3 Bc6d7
32.Rf3f4 Nf5xe3
{ resign }
0-1

[Event "Tourn. n7951"]
[Site "www.chess-mail.com"]
[Date "2015.01.14"]
[Round "1"]
[White "Falcoale"]
[Black "Fractal"]
[WhiteElo "1920"]
[BlackElo "1920"]
[Result "1-0"]
[Round "1"]
1.e4 d5
2.exd5 Qd8xd5
3.Nb1c3 Qd5d6
4.d4 Ng8f6
5.Ng1f3 c6
6.Nf3e5 Nb8d7
7.Ne5xd7 Bc8xd7
8.Bf1e2 Bd7f5
9.O-O e6
10.Rf1e1 Qd6c7
11.Bc1g5 Bf8e7
12.Be2f3  { time }
1-0

[Event "Tourn. n7946"]
[Site "www.chess-mail.com"]
[Date "2015.01.14"]
[Round "1"]
[White "Gatrooper"]
[Black "Hansen"]
[WhiteElo "1340"]
[BlackElo "1450"]
[Result "1-0"]
[Round "1"]
1.e4 d5
2.e5 d4
3.d3 Nb8c6
4.Ng1f3 f6
5.exf6 Ng8xf6
6.a3 h6
7.c3 Bc8g4
8.Bf1e2 Qd8d6
9.g3 Qd6e6
10.Nf3xd4 Nc6xd4
11.cxd4 Ra8d8
12.Qd1d2 Rd8xd4
13.Qd2e3 Qe6d5
14.Rh1g1 Bg4h3
15.Nb1c3 Qd5c5
16.Bc1d2 Nf6d5
17.Qe3e5 e6
18.Qe5h5 g6
19.Qh5xh3 Qc5b6
20.Nc3xd5 Rd4xd5
21.Bd2c3 Bf8c5
22.Rg1g2 h5
23.Bc3xh8 Rd5f5
24.f4 e5
25.Bh8xe5 Qb6a5
26.Kf1 h4
27.Qh3xh4 g5
28.Qh4h8 Kd7
29.Qh8g7 Bc5e7
30.Ra1c1 Qa5d2
31.Rc1xc7 Ke6
32.Qg7xe7 Kd5
33.Qe7d6 { resign }
1-0

[Event "Tourn. n7990"]
[Site "www.chess-mail.com"]
[Date "2015.01.14"]
[Round "1"]
[White "Anja"]
[Black "Difficult"]
[WhiteElo "1970"]
[BlackElo "1900"]
[Result "0-1"]
[Round "1"]
1.d4 g6
2.c4 Bf8g7
3.Bc1f4 d6
4.Nb1c3 Ng8f6
5.e4 O-O
6.Qd1d2 c5
7.Ng1f3 cxd4
8.Nc3b5 e5
9.Bf4h6 a6
10.Nb5a3 Nf6xe4
{ resign }
0-1

[Event "Tourn. n7988"]
[Site "www.chess-mail.com"]
[Date "2015.01.14"]
[Round "1"]
[White "Stevo100"]
[Black "Luban"]
[WhiteElo "2110"]
[BlackElo "2080"]
[Result "1-0"]
[Round "1"]
1.d4 d5
2.Bc1f4 e6
3.e3 c5
4.c3 Ng8f6
5.Bf1d3 h6
6.h3 Bf8d6
7.Bf4xd6 Qd8xd6
8.f4 Nb8c6
9.Nb1d2 O-O
10.Ng1f3 cxd4
11.cxd4 a6
12.O-O b5
13.Nf3e5 Bc8b7
14.Qd1f3 Nf6d7
15.Qf3g3 f5
16.Rf1f3 Nc6xe5
17.fxe5 Qd6e7
18.Ra1f1 Nd7b6
19.Qg3g6 Qe7f7
20.Rf3g3 Qf7xg6
21.Rg3xg6 Ra8e8
22.Rf1f3 Re8e7
23.g4 fxg4
24.Rf3g3 Nb6c4
25.Nd2xc4 dxc4
26.Bd3e2 Bb7e4
27.Rg6xg4 Be4f5
28.Rg4h4 Kh7
29.e4 Bf5g6
30.Rh4g4 Bg6h5
31.b3 cxb3
32.axb3 Bh5xg4
33.Be2xg4 g6
34.Rg3e3 h5
35.Bg4e2 Rf8b8
36.d5 exd5
37.exd5 Kg7
38.b4 Rb8d8
39.d6 Re7e6
40.h4 Kf7
41.Be2f3 Rd8xd6
42.exd6 Re6xe3
43.Bf3b7 Re3b3
44.Bb7d5 Ke8
45.Bd5xb3 Kd7
46.Bb3c2 Kxd6
47.Kf2 Ke5
48.Bc2xg6 { resign }
1-0

[Event "Tourn. n7995"]
[Site "www.chess-mail.com"]
[Date "2015.01.14"]
[Round "1"]
[White "Averoes"]
[Black "Cardiff"]
[WhiteElo "2220"]
[BlackElo "2060"]
[Result "1/2-1/2"]
[Round "1"]
1.d4 Ng8f6
2.c4 g6
3.Nb1c3 d5
4.cxd5 Nf6xd5
5.e4 Nd5xc3
6.bxc3 Bf8g7
7.Bc1e3 O-O
8.Qd1d2 b6
9.f4 Bc8b7
10.Bf1d3 Nb8d7
11.Ng1f3 Nd7f6
12.Nf3g5 h6
13.e5 Nf6d5
14.Ng5e4 Nd5xe3
15.Qd2xe3 e6
16.h4 a5
17.g4 Qd8d5
18.Rh1h2 Rf8d8
19.Kf2 c5
20.Ra1b1 cxd4
21.cxd4 Qd5xd4
22.Rb1xb6 Bb7xe4
23.Bd3xe4 Qd4xe3
{ draw }
1/2-1/2

[Event "Tourn. n7848"]
[Site "www.chess-mail.com"]
[Date "2015.01.14"]
[Round "1"]
[White "Cardiff"]
[Black "Roserl"]
[WhiteElo "2100"]
[BlackElo "1910"]
[Result "1/2-1/2"]
[Round "1"]
1.Ng1f3 d5
2.d4 Ng8f6
3.c4 e6
4.cxd5 exd5
5.Nb1c3 h6
6.g3 Bf8e7
7.Bf1g2 O-O
8.Nf3e5 c6
9.O-O Bc8f5
10.Qd1b3 Qd8c7
11.Bc1f4 Be7d6
12.h4 Nf6h5
13.e3 Nh5xf4
14.exf4 f6
15.Ne5f3 Nb8d7
16.Rf1e1 Rf8e8
17.Ra1d1 Bf5g4
18.Re1xe8 Ra8xe8
19.Qb3c2 Nd7f8
20.Qc2d2 Qc7d7
21.Rd1e1 Bd6b4
22.Re1xe8 Qd7xe8
23.a3 Bb4d6
24.Nf3e1 Nf8g6
25.Ne1c2 Qe8e6
26.Nc2e3 Bg4h3
27.Bg2xh3 Qe6xh3
28.Ne3g2 Ng6e7
29.Ng2e3 Ne7g6
30.Qd2d3 Kf7
31.Ne3f5 Bd6c7
32.Nf5e3 Qh3d7
33.h5 Ng6f8
34.Kg2 { draw }
1/2-1/2

[Event "Tourn. n7935"]
[Site "www.chess-mail.com"]
[Date "2015.01.14"]
[Round "1"]
[White "Apdash"]
[Black "Cardiff"]
[WhiteElo "2170"]
[BlackElo "2150"]
[Result "1/2-1/2"]
[Round "1"]
1.d4 Ng8f6
2.c3 d5
3.Ng1f3 c6
4.Bc1g5 Qd8b6
5.Qd1c2 Nf6e4
6.Bg5h4 Bc8f5
7.Qc2c1 e6
8.Nb1d2 Bf8d6
9.e3 O-O
10.Nd2xe4 Bf5xe4
11.Bf1e2 Nb8d7
12.O-O Rf8e8
13.Nf3d2 Be4g6
14.b3 Ra8c8
15.c4 c5
16.dxc5 Bd6xc5
17.Qc1b2 Qb6c6
18.Be2f3 Qc6d6
19.Ra1d1 dxc4
20.Nd2xc4 Qd6c7
21.Bh4g3 e5
22.Rd1d5 f6
23.Rf1d1 Nd7b6
24.Nc4xb6 Qc7xb6
25.Rd5d7 Rc8c7
26.Rd7d8 Rc7c8
27.Rd8xe8 Rc8xe8
28.Rd1d7 e4
29.Bf3e2 Bg6f7
30.Qb2d2 Bc5b4
31.Qd2d1 Bf7e6
32.Rd7d4 f5
33.Be2c4 Bb4c5
34.Bc4xe6 Qb6xe6
35.Rd4d5 Re8c8
36.Bg3e5 b6
37.Be5b2 Bc5f8
38.g3 Rc8c2
39.Qd1xc2 Qe6xd5
40.Bb2d4 Bf8c5
41.Qc2c4 Qd5xc4
42.bxc4 g6
43.Kg2 Kf7
{ draw }
1/2-1/2

[Event "Tourn. n7999"]
[Site "www.chess-mail.com"]
[Date "2015.01.14"]
[Round "1"]
[White "Anja"]
[Black "Karadajyan"]
[WhiteElo "2000"]
[BlackElo "2040"]
[Result "0-1"]
[Round "1"]
1.d4 Ng8f6
2.Bc1f4 c5
3.Ng1f3 cxd4
4.Nf3xd4 e5
5.Bf4xe5 Qd8a5
6.Nb1c3 Qa5xe5
{ resign }
0-1

[Event "Tourn. n8006"]
[Site "www.chess-mail.com"]
[Date "2015.01.14"]
[Round "1"]
[White "Maredocla"]
[Black "Krasin"]
[WhiteElo "2000"]
[BlackElo "2150"]
[Result "0-1"]
[Round "1"]
1.e4 e6
2.Nb1c3 d5
3.exd5 exd5
4.Ng1f3 d4
5.Nc3e2 Nb8c6
6.b3 Ng8f6
7.Bc1b2 Bf8c5
8.Ne2g3 O-O
9.Bf1b5 Rf8e8
10.Ng3e2 Bc8g4
11.Bb5xc6 bxc6
12.Nf3g1 Nf6d5
13.f3 Nd5f4
14.d3 Nf4xg2
15.Kf2 Ng2e3
16.Qd1d2 Qd8h4
17.Ne2g3 f5
18.fxg4 f4
19.Ng1f3 fxg3
20.hxg3 Ne3xg4
21.Kg2 Qh4f6
22.Rh1h4 Ng4e3
23.Kf2 g5
24.Rh4h5 Re8f8
25.Qd2e2 Ra8e8
26.Kg1 Qf6xf3
27.Rh5xg5 Kh8
28.Qe2xf3 Rf8xf3
29.Rg5xc5 Rf3xg3
30.Kh2 Rg3g4
31.c4 Re8f8
32.Ra1g1 Rf8f2
33.Kh3 Rg4xg1
34.Bb2xd4 Kg8
35.Bd4xe3 Rf2f3
36.Kh2 Rg1g6
37.Rc5e5 Rf3g3
38.d4 Rg3g4
39.Re5h5 Rg4g2
40.Kh1 Rg2xa2
41.d5 cxd5
42.Rh5xd5 a5
43.Rd5d8 Kf7
44.Rd8d7 Ke6
45.Rd7xc7 Rg6g3
46.Be3c5 Rg3h3
47.Kg1 Rh3xb3
48.Kh1 Rb3b1
49.Bc5g1 Ra2a1
50.Rc7g7 Rb1xg1
51.Rg7xg1 Ra1xg1
{ resign }
0-1

[Event "Tourn. n7836"]
[Site "www.chess-mail.com"]
[Date "2015.01.14"]
[Round "1"]
[White "Jose"]
[Black "Merlino23"]
[WhiteElo "2620"]
[BlackElo "2580"]
[Result "1/2-1/2"]
[Round "1"]
1.Ng1f3 Ng8f6
2.c4 g6
3.Nb1c3 Bf8g7
4.e4 d6
5.d4 O-O
6.Bf1e2 e5
7.O-O Nb8c6
8.d5 Nc6e7
9.b4 a5
10.Bc1a3 b6
11.bxa5 Nf6h5
12.Ba3b4 bxa5
13.Bb4a3 Nh5f4
14.Rf1e1 Nf4xe2
15.Qd1xe2 Bc8a6
16.Qe2d3 Qd8d7
17.Ra1b1 Ra8b8
18.h3 Bg7h6
19.Rb1b3 a4
20.Rb3b1 f5
21.Re1d1 Rf8e8
22.Rd1e1 Re8f8
23.Re1d1 Rf8e8
24.Rb1xb8 Re8xb8
25.Qd3c2 Ba6xc4
26.exf5 gxf5
27.Nf3xe5 dxe5
28.d6 cxd6
29.Rd1xd6 Qd7c8
30.Rd6xh6 Ne7g6
31.Nc3xa4 Bc4f7
32.Na4c5 Rb8a8
33.Qc2c3 Qc8c7
34.Rh6h5 { draw }
1/2-1/2

[Event "Tourn. n7901"]
[Site "www.chess-mail.com"]
[Date "2015.01.14"]
[Round "1"]
[White "Falcoale"]
[Black "Osopanda"]
[WhiteElo "2060"]
[BlackElo "1910"]
[Result "0-1"]
[Round "1"]
1.e4 c5
2.Ng1f3 d6
3.d4 cxd4
4.Nf3xd4 Ng8f6
5.Bf1d3 a6
6.Nb1c3 Nb8c6
7.Nd4b3 b5
8.Bc1g5 e6
9.O-O Bf8e7
10.f4 O-O
11.Qd1e2 Qd8b6
12.Kh1 Nc6d4
13.Nb3xd4 Qb6xd4
14.e5 dxe5
15.fxe5 Nf6d5
16.Bg5xe7 Nd5xe7
17.Ra1d1 Qd4h4
18.Rf1f3 Bc8b7
19.Rf3h3 Qh4g5
20.Bd3xh7 Kh8
21.Bh7e4 Kg8
22.Be4xb7 Ra8a7
23.Bb7e4 f5
24.Rh3g3 Qg5h6
25.Be4d3 Ne7g6
26.Rg3h3 Qh6g5
27.Rh3g3 Qg5h6
28.Qe2f2 Ra7f7
29.Nc3e2 Ng6xe5
30.Rg3h3 Qh6g5
31.Qf2g3 Qg5xg3
32.Ne2xg3 Ne5xd3
33.Rd1xd3 f4
34.Ng3e4 Rf7c7
35.Ne4g5 Rc7xc2
36.Ng5f3 Rc2xb2
37.Rd3d2 Rb2b1
38.Nf3g1 Rf8c8
39.g3 f3
40.g4 Rc8c1
41.Rh3g3 Rc1f1
42.h3 f2
43.Rd2xf2 Rf1xf2
44.h4 Rf2xa2
45.g5 Kh7
46.Rg3e3 Ra2a1
47.Re3g3 Kg6
48.h5 Kh7
{ resign }
0-1

[Event "Tourn. n7828"]
[Site "www.chess-mail.com"]
[Date "2015.01.14"]
[Round "1"]
[White "Gmi42"]
[Black "Maredocla"]
[WhiteElo "2059"]
[BlackElo "2020"]
[Result "0-1"]
[Round "1"]
1.e4 c5
2.Nb1c3 Nb8c6
3.g3 d6
4.Bf1g2 Ng8f6
5.d3 Nc6d4
6.f4 Bc8g4
7.Ng1f3 Nf6h5
8.O-O Qd8d7
9.Nc3d5 e6
10.Nd5e3 Bg4xf3
11.Bg2xf3 Nh5f6
12.e5 Nf6d5
13.Ne3xd5 exd5
14.Bf3xd5 O-O-O
15.Bd5e4 g6
16.c3 Nd4c6
17.Bc1e3 Kb8
18.d4 c4
19.Qd1a4 d5
20.Be4g2 { time. }
0-1

[Event "Tourn. n7954"]
[Site "www.chess-mail.com"]
[Date "2015.01.14"]
[Round "1"]
[White "Iko"]
[Black "Bjonil60"]
[WhiteElo "1480"]
[BlackElo "1320"]
[Result "1-0"]
[Round "1"]
1.e4 e5
2.Ng1f3 Nb8c6
3.Bf1b5 a6
4.Bb5xc6 bxc6
5.Nf3xe5 Qd8e7
6.f4 Ng8f6
7.g4 h6
8.b3 Bc8b7
9.Bc1a3 d6
10.Qd1f3 dxe5
11.Ba3xe7 Bf8xe7
12.fxe5 Nf6h7
13.O-O O-O
14.c4 g6
15.Nb1c3 Be7g5
16.d4 Ra8d8
17.d5 c5
18.Nc3a4 Bg5e7
19.Qf3f4 g5
20.Qf4f2 f6
21.exf6 Be7xf6
22.Qf2xc5 Rf8e8
23.Ra1e1 Bf6g7
24.Qc5xc7 Rd8b8
25.Rf1f7 Bg7c3
26.Na4xc3 Nh7f8
27.d6 Re8c8
28.Rf7g7 Kh8
29.Qc7f7 a5
30.Qf7g8 
1-0

[Event "Tourn. n7990"]
[Site "www.chess-mail.com"]
[Date "2015.01.14"]
[Round "1"]
[White "Bojan"]
[Black "Anja"]
[WhiteElo "2000"]
[BlackElo "1970"]
[Result "1-0"]
[Round "1"]
1.e4 Ng8f6
2.e5 Nf6d5
3.d4 d6
4.c4 Nd5b6
5.exd6 exd6
6.b3 Bf8e7
7.Bc1b2 O-O
8.d5 Nb8d7
9.Nb1d2 Nd7f6
10.Bf1d3 Rf8e8
11.f3 Nf6xd5
12.cxd5 Be7f6
13.Ng1e2 Bf6xb2
14.Ra1b1 Bb2d4
15.Kf1 Bd4e3
16.Ne2c3 Qd8f6
17.Nd2e4 Qf6e5
18.Qd1c2 f5
19.Ne4f2 Nb6xd5
20.Nc3xd5 { resign }
1-0

[Event "Tourn. n7988"]
[Site "www.chess-mail.com"]
[Date "2015.01.14"]
[Round "1"]
[White "Stevo100"]
[Black "Cardiff"]
[WhiteElo "2100"]
[BlackElo "2030"]
[Result "1/2-1/2"]
[Round "1"]
1.d4 g6
2.Bc1f4 Bf8g7
3.Ng1f3 d6
4.e3 Ng8f6
5.Bf1e2 O-O
6.O-O Nb8d7
7.h3 c5
8.Nb1d2 b6
9.c4 Bc8b7
10.Ra1b1 Nf6e4
11.b4 Ne4c3
12.Qd1e1 Nc3xb1
13.Qe1xb1 cxd4
14.exd4 Nd7f6
15.c5 dxc5
16.bxc5 Nf6d5
17.Bf4h2 Bb7c6
18.Qb1c2 b5
19.Nf3e5 Bg7xe5
20.Bh2xe5 f6
21.Be5g3 a5
22.Qc2b1 b4
23.Qb1d3 Nd5c3
24.Be2f3 Bc6xf3
25.Nd2xf3 Kg7
26.Qd3d2 Nc3e4
27.Qd2c2 Ne4xg3
28.fxg3 Qd8d5
29.Rf1e1 Rf8e8
30.Kh2 Ra8c8
31.Qc2a4 Rc8a8
32.c6 Ra8c8
33.Re1c1 Qd5d6
{ draw }
1/2-1/2

[Event "Tourn. n8011"]
[Site "www.chess-mail.com"]
[Date "2015.01.14"]
[Round "1"]
[White "Krasin"]
[Black "Cardiff"]
[WhiteElo "2150"]
[BlackElo "2020"]
[Result "1-0"]
[Round "1"]
1.f4 Ng8f6
2.Ng1f3 g6
3.g3 d5
4.Bf1g2 c5
5.d3 Nb8c6
6.O-O Bf8g7
7.a3 O-O
8.Nb1c3 Bc8g4
9.h3 Bg4xf3
10.Bg2xf3 a6
11.e4 e6
12.g4 d4
13.Nc3e2 Qd8c7
14.Ne2g3 Rf8d8
15.Qd1e1 b5
16.g5 Nf6d7
17.e5 Ra8b8
18.h4 Nd7b6
19.h5 c4
20.Ng3e4 cxd3
21.cxd3 Nc6e7
22.hxg6 hxg6
23.Bc1d2 Ne7f5
24.Bd2a5 Qc7a7
25.Ne4f6 Kf8
26.Ba5b4 Nf5e7
27.Qe1h4 a5
28.Bb4c5 Rb8c8
29.Bc5xe7 Qa7xe7
30.Qh4h7 Bg7xf6
31.gxf6 { resign }
1-0

[Event "Tourn. n7983"]
[Site "www.chess-mail.com"]
[Date "2015.01.14"]
[Round "1"]
[White "Bennyp"]
[Black "Anja"]
[WhiteElo "2270"]
[BlackElo "2010"]
[Result "1-0"]
[Round "1"]
1.e4 Ng8f6
2.e5 Nf6d5
3.d4 d6
4.Ng1f3 Bc8g4
5.Bf1e2 Nb8c6
6.O-O g6
7.e6 Bg4xe6
8.c4 { resign }
1-0

[Event "Tourn. n7942"]
[Site "www.chess-mail.com"]
[Date "2015.01.14"]
[Round "1"]
[White "Falcoale"]
[Black "Liencam2"]
[WhiteElo "1920"]
[BlackElo "2260"]
[Result "0-1"]
[Round "1"]
1.e4 c5
2.Ng1f3 e6
3.Bf1c4 Nb8c6
4.a3 a6
5.d4 b5
6.Bc4a2 c4
7.c3 Ng8f6
8.Qd1e2 d6
9.O-O Bc8b7
10.Bc1g5 Bf8e7
11.Nb1d2 a5
12.Ra1d1 Qd8c7
13.d5 Nc6e5
14.Nf3xe5 dxe5
15.f4 O-O
16.fxe5 Qc7xe5
17.Bg5f4 Qe5h5
18.Nd2f3 exd5
19.exd5 Be7c5
20.Bf4e3 Ra8e8
21.Qe2d2 Bc5xe3
{ resign }
0-1

[Event "Tourn. n7991"]
[Site "www.chess-mail.com"]
[Date "2015.01.14"]
[Round "1"]
[White "Faerieking"]
[Black "Biagio"]
[WhiteElo "2140"]
[BlackElo "2030"]
[Result "1-0"]
[Round "1"]
1.e4 c6
2.Ng1e2 d5
3.e5 c5
4.d4 Nb8c6
5.c3 Bc8f5
6.Nb1d2 e6
7.Nd2f3 cxd4
8.Ne2xd4 Bf5g4
9.Nd4xc6 bxc6
10.Qd1a4 { resign }
1-0

[Event "Tourn. n7828"]
[Site "www.chess-mail.com"]
[Date "2015.01.14"]
[Round "1"]
[White "Luban"]
[Black "Gmi42"]
[WhiteElo "2090"]
[BlackElo "2059"]
[Result "1-0"]
[Round "1"]
1.d4 d5
2.Ng1f3 Ng8f6
3.e3 e6
4.a3 g6
5.c4 Bf8g7
6.Nb1c3 O-O
7.Bf1d3 Nb8d7
8.O-O c5
9.cxd5 exd5
10.dxc5 Nd7xc5
11.Bd3c2 Bc8d7
12.Nc3xd5 Bd7b5
13.Nd5xf6 Qd8xf6
14.Rf1e1 Rf8d8
15.Bc1d2 Qf6b6
16.Qd1c1 Ra8c8
17.Qc1b1 Nc5d3
18.Bc2xd3 Bb5xd3
19.Qb1a2 Rc8c2
20.Ra1b1 Bd3c4
21.Qa2a1 Bg7xb2
{ time. }
1-0

[Event "Tourn. n7980"]
[Site "www.chess-mail.com"]
[Date "2015.01.14"]
[Round "1"]
[White "Falcoale"]
[Black "Luban"]
[WhiteElo "1860"]
[BlackElo "2080"]
[Result "0-1"]
[Round "1"]
1.e4 c5
2.Ng1f3 d6
3.Nb1c3 e6
4.Bf1b5 Bc8d7
5.Bb5c4 Nb8c6
6.a3 Ng8f6
7.d3 a6
8.O-O b5
9.Bc4a2 Bf8e7
10.Bc1e3 O-O
11.h3 Qd8c7
12.d4 b4
13.axb4 Nc6xb4
14.Ba2b1 a5
15.e5 dxe5
16.Nf3xe5 Rf8d8
17.Nc3e2 Be7d6
18.Ne5xd7 Rd8xd7
19.Qd1c1 Ra8c8
20.c3 Nb4d5
21.Bb1c2 Nd5xe3
22.fxe3 h6
23.e4 cxd4
24.Ne2xd4 Bd6c5
25.Kh1 Bc5xd4
26.cxd4 Qc7xc2
27.Qc1xc2 Rc8xc2
28.Ra1xa5 Rc2xb2
29.e5 Nf6h5
30.Rf1d1 Nh5f4
31.Rd1g1 Rd7xd4
32.Ra5a8 Kh7
33.Ra8a7 Kg6
34.h4 Rd4d2
{ resign }
0-1

[Event "Tourn. n7933"]
[Site "www.chess-mail.com"]
[Date "2015.01.14"]
[Round "1"]
[White "Syd"]
[Black "Apdash"]
[WhiteElo "2220"]
[BlackElo "2150"]
[Result "0-1"]
[Round "1"]
1.e4 c5
2.Nb1c3 d6
3.f4 Ng8f6
4.Ng1f3 Nb8c6
5.Bf1b5 a6
6.Bb5xc6 bxc6
7.d3 a5
8.O-O e6
9.Qd1e1 Bf8e7
10.h3 Bc8a6
11.g4 Qd8b6
12.Qe1f2 Qb6c7
13.g5 Nf6h5
14.Qf2h4 g6
15.Kg2 h6
16.f5 hxg5
17.Bc1xg5 e5
18.fxg6 Nh5f4
19.Bg5xf4 Be7xh4
20.Nf3xh4 Rh8xh4
21.Bf4g5 Rh4h5
22.gxf7 Kf8
23.h4 Rh5h7
{ resign }
0-1

[Event "Match"]
[Site "www.echecsemail.com"]
[Date "2015.01.14"]
[Round "1"]
[White "Gmi42"]
[Black "Joseph1983"]
[WhiteElo "1809"]
[BlackElo "2100"]
[Result "0-1"]
[Round "1"]
1.e4 c5
2.Nb1c3 e6
3.g3 Nb8c6
4.Bf1g2 Ng8f6
5.d3 Bf8e7
6.f4 d6
7.Ng1f3 Qd8c7
8.O-O a6
9.h3 O-O
10.Bc1e3 b5
11.Nc3e2 Bc8b7
12.c3 Rf8d8
13.b3 Nf6d7
14.f5 Nd7e5
15.fxe6 Ne5xf3
16.Bg2xf3 fxe6
17.Ne2f4 { time. }
0-1

[Event "Match"]
[Site "www.echecsemail.com"]
[Date "2015.01.14"]
[Round "1"]
[White "Orkman"]
[Black "Gmi42"]
[WhiteElo "2160"]
[BlackElo "1809"]
[Result "1-0"]
[Round "1"]
1.e4 c6
2.d4 d5
3.Nb1c3 dxe4
4.Nc3xe4 Bc8f5
5.Ne4g3 Bf5g6
6.h4 h6
7.Ng1f3 Nb8d7
8.h5 Bg6h7
9.Bf1d3 Bh7xd3
10.Qd1xd3 Ng8f6
11.Bc1d2 Qd8c7
12.O-O-O e6
13.Ng3e4 Nf6xe4
14.Qd3xe4 Nd7f6
15.Qe4e2 O-O-O
16.g3 Rd8d5
17.Kb1 Rd5xh5
18.Bd2f4 Qc7b6
19.Nf3e5 Rh5xh1
20.Rd1xh1 Nf6d5
21.Bf4d2 Qb6c7
{ time. }
1-0

[Event "Match"]
[Site "www.echecsemail.com"]
[Date "2015.01.14"]
[Round "1"]
[White "Pembertonia"]
[Black "Drdoom"]
[WhiteElo "1499"]
[BlackElo "1670"]
[Result "0-1"]
[Round "1"]
1.e3 e5
2.Ng1f3 Nb8c6
3.Nb1c3 Ng8f6
4.Bf1d3 d5
5.Bd3b5 Bc8d7
6.Nf3g5 h6
7.Ng5h3 a6
8.Bb5d3 e4
9.Bd3e2 Bf8b4
10.O-O Qd8c8
11.a3 Bb4xc3
12.dxc3 b5
13.Nh3f4 Nc6e7
14.c4 bxc4
15.Nf4h5 Ne7g8
16.Nh5xf6 Ng8xf6
17.b3 c6
18.f3 O-O
19.fxe4 cxb3
20.exd5 Nf6xd5
21.Be2c4 bxc2
22.Qd1xc2 Rf8e8
23.e4 Nd5f6
24.e5 Nf6d5
25.Bc4a2 Re8xe5
26.Bc1b2 Re5g5
27.Ba2b1 g6
28.a4 Nd5e3
29.Qc2e2 Ne3xf1
30.Qe2xf1 Bd7f5
31.Bb1a2 Qc8d8
32.Ra1d1 Qd8b6
33.Bb2d4 Qb6b4
34.Ba2c4 a5
35.Qf1e2 Bf5g4
36.Qe2f1 Rg5f5
37.h3 Rf5xf1
38.Rd1xf1 Qb4xc4
{ resign }
0-1

[Event "Match"]
[Site "www.echecsemail.com"]
[Date "2015.01.14"]
[Round "1"]
[White "Faerieking"]
[Black "Dspillman"]
[WhiteElo "2140"]
[BlackElo "1650"]
[Result "1-0"]
[Round "1"]
1.e4 e5
2.Ng1f3 Nb8c6
3.Nb1c3 a6
4.d4 d6
5.dxe5 Nc6xe5
6.Nf3xe5 Ng8h6
7.Ne5f3 Qd8f6
8.Bc1g5 Qf6e6
9.Bf1e2 Nh6g4
10.Nc3d5 Kd7
11.O-O f6
12.Bg5h4 g5
13.Bh4xg5 h6
14.Bg5h4 c6
15.Nd5b6 Ke8
16.Be2c4 Qe6e7
17.Nb6xa8 b5
18.Bc4b3 Qe7b7
19.Qd1d4 Qb7xa8
20.c4 Qa8b8
21.cxb5 axb5
22.Bh4xf6 c5
23.Qd4c3 b4
24.Qc3c4 Ng4xf6
25.Qc4f7 { resign }
1-0

[Event "Match"]
[Site "www.echecsemail.com"]
[Date "2015.01.14"]
[Round "1"]
[White "Umzi"]
[Black "Difficult"]
[WhiteElo "2140"]
[BlackElo "1880"]
[Result "1-0"]
[Round "1"]
1.e4 d6
2.d4 Ng8f6
3.Nb1c3 c6
4.Ng1f3 Qd8c7
5.Bf1c4 e6
6.O-O Bf8e7
7.h3 d5
8.exd5 exd5
9.Bc4b3 O-O
10.Bc1e3 Be7d6
11.Rf1e1 h6
12.Be3d2 Bc8d7
13.Nc3a4 Nb8a6
14.c4 dxc4
15.Bb3xc4 b5
16.Bc4xf7 Rf8xf7
17.Na4c3 c5
18.dxc5 Na6xc5
19.Ra1c1 Qc7b6
20.Bd2e3 a5
21.Nc3d5 Nf6xd5
22.Qd1xd5 Ra8c8
23.Re1d1 Bd7e6
24.Qd5xd6 Qb6xd6
25.Rd1xd6 { resign }
1-0

[Event "Match"]
[Site "www.echecsemail.com"]
[Date "2015.01.14"]
[Round "1"]
[White "Apoorva"]
[Black "Goofy"]
[WhiteElo "2110"]
[BlackElo "2210"]
[Result "0-1"]
[Round "1"]
1.d4 f5
2.c4 Ng8f6
3.Nb1c3 g6
4.Qd1c2 Bf8g7
5.e4 fxe4
6.Nc3xe4 O-O
7.Bf1d3 d6
8.Ne4g5 Qd8e8
9.d5 e6
10.dxe6 Bc8xe6
11.Ng1e2 Nb8d7
12.O-O Nd7e5
13.Ne2f4 Be6d7
14.Bd3e4 Nf6xe4
15.Ng5xe4 Bd7f5
16.f3 Qe8c6
17.Qc2b3 Bf5xe4
18.fxe4 Ne5xc4
19.Nf4d5 Rf8xf1
20.Kxf1 Ra8e8
21.Nd5e3 Re8xe4
22.Ne3xc4 Qc6xc4
23.Qb3xc4 Re4xc4
24.Ra1b1 Rc4c2
25.Kg1 c5
26.Bc1f4 Bg7d4
27.Kh1 Rc2xb2
{ resign }
0-1

[Event "Match"]
[Site "www.echecsemail.com"]
[Date "2015.01.14"]
[Round "1"]
[White "Apoorva"]
[Black "Joseph1983"]
[WhiteElo "2110"]
[BlackElo "2170"]
[Result "0-1"]
[Round "1"]
1.d4 Ng8f6
2.c3 g6
3.Nb1d2 Bf8g7
4.e4 d6
5.Qd1c2 e5
6.dxe5 dxe5
7.Ng1f3 Qd8e7
8.Bf1c4 O-O
9.O-O c5
10.a3 Nb8c6
11.b4 b6
12.Bc4d5 Bc8b7
13.b5 Nc6a5
14.c4 Nf6xd5
15.cxd5 Bb7xd5
16.exd5 e4
17.Rf1e1 Bg7xa1
18.Nd2xe4 Ba1g7
19.Bc1g5 Qe7d7
20.Qc2d2 f5
21.Ne4c3 Rf8e8
22.d6 Re8xe1
23.Nf3xe1 Ra8e8
24.Nc3d5 Qd7xd6
25.h4 Na5c4
26.Qd2d1 h6
27.Bg5f4 Re8xe1
28.Qd1xe1 Qd6xd5
{ resign }
0-1

[Event "Match"]
[Site "www.echecsemail.com"]
[Date "2015.01.14"]
[Round "1"]
[White "Genius9"]
[Black "Guidom"]
[WhiteElo "1220"]
[BlackElo "2130"]
[Result "1/2-1/2"]
[Round "1"]
1.e4 e5
2.Ng1f3 Nb8c6
3.Bf1c4 d6
4.Nb1c3 Bf8e7
5.d3 Ng8f6
6.h3 O-O
7.O-O Bc8e6
8.Bc1e3 a6
9.Bc4b3 Qd8d7
10.Bb3xe6 Qd7xe6
11.Rf1e1 Ra8d8
12.Qd1e2 h6
13.a3 Rf8e8
14.Ra1d1 d5
15.Nc3xd5 Nf6xd5
16.exd5 Qe6xd5
17.Nf3d2 f5
18.Nd2b3 f4
19.Be3d2 Be7f6
20.Qe2e4 Qd5xe4
21.dxe4 Nc6d4
22.Nb3xd4 Rd8xd4
23.Bd2c3 Rd4xd1
24.Re1xd1 Kf7
25.Rd1d7 Re8e7
26.Rd7xe7 Kxe7
27.Kf1 Kd6
28.Ke2 c5
29.Kd3 { draw }
1/2-1/2

[Event "Match"]
[Site "www.echecsemail.com"]
[Date "2015.01.14"]
[Round "1"]
[White "Irene"]
[Black "Oxycontin"]
[WhiteElo "1990"]
[BlackElo "2100"]
[Result "0-1"]
[Round "1"]
1.d4 Ng8f6
2.Nb1c3 d5
3.g3 g6
4.Bf1g2 Bf8g7
5.Ng1f3 O-O
6.Nf3g5 c6
7.e4 dxe4
8.Nc3xe4 Nf6xe4
9.Bg2xe4 Bg7xd4
10.c3 Bd4f6
11.O-O e5
12.Qd1d2 Bf6xg5
13.Qd2xg5 Qd8xg5
14.Bc1xg5 Bc8e6
15.b3 Nb8d7
16.Ra1d1 Rf8e8
17.Rd1d3 f5
18.Be4g2 e4
19.Rd3d6 Nd7e5
20.Rf1e1 Ne5f7
21.Rd6xe6 Re8xe6
22.Bg5e3 Nf7e5
23.Re1d1 Ne5d3
24.Bg2f1 Re6d6
25.Be3d4 Ra8d8
26.Bd4xa7 Rd8a8
27.Ba7d4 Ra8xa2
28.Bf1xd3 exd3
29.Rd1xd3 c5
{ resign }
0-1

[Event "Match"]
[Site "www.echecsemail.com"]
[Date "2015.01.14"]
[Round "1"]
[White "Wagner"]
[Black "Saidgermany"]
[WhiteElo "1650"]
[BlackElo "1809"]
[Result "0-1"]
[Round "1"]
1.e4 c5
2.Ng1f3 d6
3.e5 Nb8c6
4.Bf1b5 Bc8d7
5.Qd1e2 dxe5
6.O-O Ng8f6
7.h3 e6
8.Nb1c3 Bf8e7
9.d3 O-O
10.Bb5xc6 Bd7xc6
11.Nf3xe5 Bc6d5
12.Bc1g5 h6
13.Bg5h4 b6
14.Ra1d1 Bd5b7
15.Bh4g3 Nf6d5
16.Qe2g4 Be7f6
17.Nc3e4 Bf6e7
18.d4 cxd4
19.Rd1xd4 Qd8c8
20.Rd4c4 Qc8e8
21.Rf1d1 Ra8c8
22.Rd1xd5 Bb7xd5
23.Rc4c3 Rc8xc3
24.Ne4xc3 Bd5b7
25.Bg3f4 Kh7
26.Qg4d1 f6
27.Qd1d3 g6
28.Ne5d7 Rf8g8
29.Nc3e4 Bb7xe4
30.Nd7xf6 Be7xf6
31.Qd3xe4 Qe8f7
32.f3 Rg8d8
33.Qe4e1 Bf6xb2
34.Qe1h4 Rd8d1
35.Kh2 Bb2g7
36.Bf4b8 e5
37.c3 Qf7f4
38.Qh4xf4 exf4
39.Bb8xf4 Bg7xc3
40.g4 Rd1a1
41.g5 Ra1xa2
42.Kg3 Bc3e1
43.Kg4 Ra2g2
{ resign }
0-1